Về các sản phẩm đoạt giải Hội chợ triển lãm nữ trang 93 : danh sách sản phẩm đoạt giải /

שמור ב:
מידע ביבליוגרפי
מחבר ראשי: Diệp Minh Châu.
פורמט: Bài viết
שפה:Vietnamese
נושאים:
תגים: הוספת תג
אין תגיות, היה/י הראשונ/ה לתייג את הרשומה!
Thư viện lưu trữ: Thư viện Trường Đại học Đà Lạt
LEADER 00816nam a2200265 4500
001 DLU090066099
005 ##20090427
040 # # |a DLU  |b vie 
041 # # |a vie 
044 # # |a vn 
100 # # |a Diệp Minh Châu. 
245 # # |a Về các sản phẩm đoạt giải Hội chợ triển lãm nữ trang 93 :  |b danh sách sản phẩm đoạt giải /  |c Diệp Minh Châu. 
653 # # |a Bài phát biểu 
653 # # |a Hội chợ triển lãm 
653 # # |a Nữ trang 
773 # # |t Khoa học Xã hội  |g Số 18, 1993, tr. 131-132 
920 # # |a Phòng Tạp chí -- Trung tâm Thông tin - Thư viện Trường Đại học Đà Lạt 
994 # # |a DLU 
900 # # |a True 
911 # # |a Nguyễn Thanh Hương 
925 # # |a G 
926 # # |a A 
927 # # |a BB 
980 # # |a Thư viện Trường Đại học Đà Lạt